[Event "Waikato Open 2016"]
[Site "Hamilton NZL"]
[Date "2016.07.30"]
[Round "2.1"]
[White "Hague, Ben"]
[Black "Wagner, Stefan"]
[Result "1-0"]
[WhiteElo "2480"]
[BlackElo "1963"]
[PlyCount "81"]
[EventDate "2016.07.29"]

1. e4 e5 2. Nf3 Nc6 3. Bc4 Bc5 4. O-O Nf6 5. d3 h6 6. c3 O-O 7. h3 d6 8. b4 Bb6
9. a4 a6 10. a5 Ba7 11. Re1 Kh8 12. Nbd2 Ng8 13. Nf1 f5 14. exf5 Bxf5 15. Ng3
Bd7 16. Be3 Bxe3 17. Rxe3 Nge7 18. Qd2 Nf5 19. Nxf5 Bxf5 20. Bd5 Qf6 21. Rae1
Bd7 22. Nh2 Qg5 23. Qe2 Rf6 24. Rg3 Qf4 25. Ng4 Rff8 26. Ne3 Qh4 27. Be4 Rf7
28. Bg6 Rff8 29. Nd5 Rac8 30. Qd2 Be6 31. Be4 Rf7 32. Rg6 Bf5 33. Bxf5 Rxf5 34.
Re4 Qh5 35. Reg4 Rf7 36. Qe3 Rcf8 37. Qg3 Qf5 38. Rxg7 Rxg7 39. Rxg7 Qxf2+ 40.
Qxf2 Rxf2 41. Rxc7 1-0

[Event "Waikato Open 2016"]
[Site "Hamilton NZL"]
[Date "2016.07.30"]
[Round "2.2"]
[White "James, Jack"]
[Black "Dive, Russell J"]
[Result "0-1"]
[WhiteElo "2118"]
[BlackElo "2440"]
[PlyCount "106"]
[EventDate "2016.07.29"]

1. e4 c6 2. Nc3 d5 3. Nf3 dxe4 4. Nxe4 Nd7 5. Bc4 Ngf6 6. Neg5 e6 7. Qe2 Nd5 8.
d4 h6 9. Ne4 Qc7 10. O-O Be7 11. Re1 O-O 12. c3 b6 13. Ng3 Bb7 14. Ne5 N7f6 15.
Nh5 c5 16. Nxg7 Kxg7 17. Bxh6+ Kxh6 18. Qd2+ Kg7 19. Qg5+ Kh8 20. Qh6+ Nh7 21.
Bd3 f5 22. Ng6+ Kg8 23. Nxf8 Nxf8 24. dxc5 Bxc5 25. Rxe6 Nxe6 26. Qxe6+ Qf7 27.
Qxf7+ Kxf7 28. Bxf5 Nf4 29. g3 Kf6 30. Bg4 Nd3 31. b4 Bxf2+ 32. Kf1 Ne5 33.
Kxf2 Nxg4+ 34. Ke2 Nxh2 35. Kd3 Rd8+ 36. Kc4 Nf3 37. Kb5 Rd5+ 38. Ka4 Bc6+ 39.
Kb3 Nd2+ 40. Ka3 Rd3 41. b5 Bxb5 42. Kb4 Bc6 43. Rc1 a5+ 44. Ka3 b5 45. Kb2
Nc4+ 46. Ka1 Rxg3 47. a4 b4 48. Rf1+ Ke5 49. Re1+ Be4 50. Re2 Rxc3 51. Rh2 Kd4
52. Rf2 Bc2 53. Rf4+ Ke3 0-1

[Event "Waikato Open 2016"]
[Site "Hamilton NZL"]
[Date "2016.07.30"]
[Round "2.3"]
[White "Gong, Daniel Hanwen"]
[Black "Carbonnier, Arnaud"]
[Result "1-0"]
[WhiteElo "2264"]
[BlackElo "1736"]
[PlyCount "79"]
[EventDate "2016.07.29"]

1. e4 c6 2. d4 d5 3. e5 Bf5 4. Nc3 e6 5. g4 Bg6 6. Nge2 h5 7. Nf4 Bh7 8. Nxh5
Nd7 9. Be3 g6 10. Ng3 Bh6 11. f4 g5 12. f5 Qb6 13. Qd2 O-O-O 14. O-O-O Re8 15.
Bxg5 Bf8 16. fxe6 fxe6 17. Na4 Qc7 18. Bd3 Bxd3 19. Qxd3 Ne7 20. h4 Qa5 21. Qb3
Kb8 22. Bd2 Qa6 23. Bb4 Ng6 24. h5 Nf4 25. g5 Bxb4 26. Qxb4 Ne2+ 27. Nxe2 Qxe2
28. h6 Kc8 29. Rde1 Qg4 30. Reg1 Qe4 31. Qd2 Qg6 32. Nc3 Nf8 33. Ne2 Qg8 34. g6
Nd7 35. Nf4 Nb6 36. h7 Qg7 37. Nh5 Qc7 38. Nf6 Nc4 39. Nxe8 Rxe8 40. h8=Q 1-0

[Event "Waikato Open 2016"]
[Site "Hamilton NZL"]
[Date "2016.07.30"]
[Round "2.4"]
[White "Dare, Richard J"]
[Black "Russell, M K A."]
[Result "1-0"]
[WhiteElo "1815"]
[BlackElo "2214"]
[PlyCount "121"]
[EventDate "2016.07.29"]

1. c4 c6 2. d4 d5 3. cxd5 cxd5 4. Nc3 Nf6 5. Nf3 Nc6 6. e3 a6 7. Be2 Bf5 8. a3
Rc8 9. O-O e6 10. Nh4 Bg6 11. Bd3 Bd6 12. f4 Bxd3 13. Qxd3 Ne4 14. Nf3 f5 15.
Nd2 O-O 16. Ncxe4 fxe4 17. Qe2 Na5 18. b4 Nc4 19. Nxc4 Rxc4 20. Bb2 Qe7 21. Qd2
g5 22. g3 b5 23. Rac1 gxf4 24. gxf4 Kh8 25. Kh1 Qf7 26. Rxc4 bxc4 27. Bc3 Rb8
28. Rg1 h6 29. Qg2 Kh7 30. Qg4 Be7 31. h3 h5 32. Qg2 Bh4 33. a4 Be7 34. Qd2 Kh6
35. Kh2 Bh4 36. Qg2 Be7 37. Qd2 Kh7 38. Kh1 Rb7 39. Kh2 Bf6 40. Qg2 Qe8 41. Qc2
Be7 42. Qg2 Qf7 43. Qd2 Bf8 44. Kh1 Bg7 45. Kh2 Qe8 46. Qe2 Kg8 47. Kh1 Kf8 48.
Rg5 Qxa4 49. f5 Qb3 50. fxe6 Qxc3 51. Rf5+ Kg8 52. Qxh5 Qe1+ 53. Kh2 Re7 54.
Qg6 Qh4 55. Rf7 Qh6 56. Qxh6 Bxh6 57. Rxe7 Bxe3 58. Rd7 c3 59. Rd8+ Kg7 60. e7
c2 61. Rc8 1-0

[Event "Waikato Open 2016"]
[Site "Hamilton NZL"]
[Date "2016.07.30"]
[Round "2.5"]
[White "Ang, Alphaeus Wei Ern"]
[Black "Picken, Oliver"]
[Result "1-0"]
[WhiteElo "2210"]
[BlackElo "1751"]
[PlyCount "51"]
[EventDate "2016.07.29"]

1. d4 Nf6 2. c4 g6 3. Nc3 Bg7 4. e4 d6 5. Be2 O-O 6. Be3 e5 7. d5 Ne8 8. g4 f5
9. gxf5 gxf5 10. exf5 Rxf5 11. Nf3 a5 12. Rg1 Nd7 13. Ng5 Nf8 14. Nce4 Nf6 15.
Ng3 Ng6 16. Nxf5 Bxf5 17. Qd2 Qe7 18. O-O-O a4 19. a3 Nd7 20. Bg4 Qf6 21. Ne6
Nf4 22. Bxf5 Qxf5 23. Rxg7+ Kh8 24. Bxf4 Re8 25. Rxd7 exf4 26. Qd4+ 1-0

[Event "Waikato Open 2016"]
[Site "Hamilton NZL"]
[Date "2016.07.30"]
[Round "2.6"]
[White "Gibbons, Robert E"]
[Black "Lourenco, Eva"]
[Result "1-0"]
[WhiteElo "2083"]
[BlackElo "1099"]
[PlyCount "129"]
[EventDate "2016.07.29"]

1. d4 Nf6 2. c4 g6 3. Nc3 Bg7 4. e4 d6 5. Nf3 O-O 6. Be2 a6 7. O-O Re8 8. Bg5
c5 9. d5 Nbd7 10. Qc2 Ne5 11. Nxe5 dxe5 12. Rab1 Qc7 13. a3 Bd7 14. b4 Rab8 15.
Be3 cxb4 16. axb4 Ng4 17. Bd2 f5 18. f3 Nf6 19. c5 fxe4 20. fxe4 Bg4 21. Bc4
Kh8 22. Be3 Qc8 23. Bd3 Nh5 24. Na4 Rf8 25. Nb6 Qc7 26. g3 Rxf1+ 27. Rxf1 Bh3
28. Rf7 Qd8 29. Bf1 Qe8 30. Rf2 Bxf1 31. Rxf1 Nf6 32. Bd2 Nd7 33. Nxd7 Qxd7 34.
Qc4 Rf8 35. Rxf8+ Bxf8 36. Bc3 Qc7 37. Bb2 Bg7 38. c6 Bf6 39. Kg2 Kg7 40. Bc1
g5 41. Be3 Kg6 42. Qc5 Kf7 43. Qb6 Qxb6 44. Bxb6 bxc6 45. dxc6 Ke8 46. Kf3 e6
47. Ke3 Be7 48. Ba5 h6 49. Kd3 Bd6 50. Kc4 Be7 51. Bb6 Bd6 52. g4 Be7 53. Kb3
Bd6 54. Ka4 Be7 55. Ka5 Bd6 56. Kxa6 Bxb4 57. Kb7 Bd6 58. h3 Ke7 59. Bc5 Bxc5
60. c7 Bd6 61. c8=Q Kf7 62. Kc6 Be7 63. Kd7 Bf8 64. Qe8+ Kg8 65. Kxe6 1-0

[Event "Waikato Open 2016"]
[Site "Hamilton NZL"]
[Date "2016.07.30"]
[Round "2.7"]
[White "Post, Martin J"]
[Black "Marko, Helmut S"]
[Result "0-1"]
[WhiteElo "1933"]
[BlackElo "2075"]
[PlyCount "88"]
[EventDate "2016.07.29"]

1. Nf3 g6 2. c4 Bg7 3. Nc3 c5 4. e3 Nf6 5. d4 b6 6. Be2 d6 7. O-O O-O 8. b3
cxd4 9. Nxd4 Bb7 10. Bf3 Qd7 11. Bxb7 Qxb7 12. Bb2 Nbd7 13. Qf3 Qxf3 14. Nxf3
Nc5 15. Rfd1 Rac8 16. Rac1 Rfd8 17. Nd4 a6 18. b4 Ncd7 19. Nd5 Kf8 20. Ba1 e6
21. Nxf6 Bxf6 22. b5 Bxd4 23. Bxd4 a5 24. Bb2 Ke7 25. Ba3 Nc5 26. Rd4 e5 27.
Rd5 Ke6 28. f4 e4 29. f5+ Ke7 30. Rd4 gxf5 31. Rf1 Ne6 32. Rd5 f4 33. exf4 Rxc4
34. f5 Nc5 35. f6+ Ke6 36. Rh5 d5 37. Rff5 Nd3 38. Rf1 Rc2 39. Rxh7 Rxa2 40.
Be7 Rc8 41. Rg7 Rb2 42. h4 e3 43. Rg3 d4 44. Rg4 e2 0-1

[Event "Waikato Open 2016"]
[Site "Hamilton NZL"]
[Date "2016.07.30"]
[Round "2.8"]
[White "Ha, Huy Minh (Timothy)"]
[Black "Fan, Allen Chi Zhou"]
[Result "0-1"]
[WhiteElo "1746"]
[BlackElo "2053"]
[PlyCount "78"]
[EventDate "2016.07.29"]

1. d4 Nf6 2. Nf3 g6 3. Bf4 Bg7 4. e3 d6 5. h3 Nbd7 6. Bd3 b6 7. Qe2 Bb7 8. e4
c5 9. c3 O-O 10. d5 Nh5 11. Bh2 Ne5 12. Nxe5 dxe5 13. Ba6 Nf4 14. Bxf4 Bxa6 15.
Qxa6 exf4 16. Qe2 f5 17. O-O Kh8 18. Na3 Qd7 19. Rad1 fxe4 20. Qxe4 f3 21. Qe6
Qb7 22. Nc4 Rf6 23. Qg4 fxg2 24. Qxg2 Rd8 25. Ne3 Qd7 26. Qg4 Qb5 27. b3 Rdf8
28. Qc4 Qd7 29. Qg4 Qe8 30. f4 Qf7 31. Kg2 Bh6 32. c4 Bxf4 33. Nc2 Rf5 34. h4
Qf6 35. Rf2 h5 36. Qh3 g5 37. Rdf1 g4 38. Qh1 Qc3 39. Ne1 Qg3# 0-1

[Event "Waikato Open 2016"]
[Site "Hamilton NZL"]
[Date "2016.07.30"]
[Round "2.9"]
[White "Wright, Caleb"]
[Black "Timergazi, Layla"]
[Result "0-1"]
[WhiteElo "1951"]
[BlackElo "2105"]
[PlyCount "52"]
[EventDate "2016.07.29"]

1. d4 Nf6 2. Nf3 g6 3. g3 Bg7 4. Bg2 d6 5. O-O O-O 6. c4 a5 7. b3 Nc6 8. Bb2
Nd7 9. Qd2 e5 10. e4 Re8 11. Re1 exd4 12. Nxd4 Qf6 13. Rd1 a4 14. Bc3 Nxd4 15.
Bxd4 Qxd4 16. Qxd4 Bxd4 17. Rxd4 axb3 18. a3 Nc5 19. f3 Be6 20. Bf1 Ra5 21. Kf2
Rea8 22. Ke3 Ra4 23. Bd3 b5 24. Nc3 Rxa3 25. Rxa3 Rxa3 26. Nxb5 Ra1 0-1

[Event "Waikato Open 2016"]
[Site "Hamilton NZL"]
[Date "2016.07.30"]
[Round "2.10"]
[White "Bennett, Hilton"]
[Black "Dolejs, Dan"]
[Result "1/2-1/2"]
[WhiteElo "2074"]
[BlackElo "1948"]
[PlyCount "40"]
[EventDate "2016.07.29"]

1. e4 c5 2. Nc3 Nc6 3. f4 e6 4. Nf3 Be7 5. Bb5 Bh4+ 6. g3 Be7 7. Bxc6 bxc6 8.
d3 Nf6 9. O-O a5 10. b3 Ng4 11. h3 Nf6 12. Na4 d5 13. e5 Nd7 14. c4 Nb6 15.
Nxb6 Qxb6 16. Bd2 f5 17. Qc2 Bd7 18. Kh2 h6 19. Rac1 d4 20. Rg1 h5 1/2-1/2

[Event "Waikato Open 2016"]
[Site "Hamilton NZL"]
[Date "2016.07.30"]
[Round "2.11"]
[White "Nolan, Graham"]
[Black "Lynn, K William"]
[Result "1/2-1/2"]
[WhiteElo "1968"]
[BlackElo "1858"]
[PlyCount "70"]
[EventDate "2016.07.29"]

1. e4 e5 2. Nf3 Nc6 3. Bb5 Bc5 4. c3 Nf6 5. O-O O-O 6. Re1 d6 7. h3 Ne7 8. d3
c6 9. Ba4 Ng6 10. Nbd2 Nf4 11. Nf1 N6h5 12. d4 exd4 13. cxd4 Bb4 14. Bxf4 Bxe1
15. Bg5 Bxf2+ 16. Kxf2 Qb6 17. Bb3 h6 18. Be3 Nf6 19. Ng3 Re8 20. Qd3 a5 21.
Rf1 a4 22. Bc2 Qa6 23. e5 Qxd3 24. Bxd3 Nd5 25. Bd2 dxe5 26. Nxe5 Re6 27. Kg1
Rf6 28. Nf5 Bxf5 29. Bxf5 Ne7 30. Bd3 Rxf1+ 31. Kxf1 Rd8 32. Nf3 Nd5 33. Bc4 b5
34. Bd3 Rd6 35. Kf2 Rf6 1/2-1/2

[Event "Waikato Open 2016"]
[Site "Hamilton NZL"]
[Date "2016.07.30"]
[Round "2.12"]
[White "Mistry, Prashant"]
[Black "Hothersall, Rik"]
[Result "1-0"]
[WhiteElo "1646"]
[BlackElo "1959"]
[PlyCount "103"]
[EventDate "2016.07.29"]

1. e4 c5 2. Nf3 Nc6 3. d4 cxd4 4. Nxd4 e5 5. Nb5 a6 6. Nd6+ Bxd6 7. Qxd6 Qf6 8.
Qd2 Qg6 9. Nc3 Nge7 10. f3 O-O 11. Nd5 b5 12. a4 Rb8 13. axb5 axb5 14. Nxe7+
Nxe7 15. Ra5 Qc6 16. c4 bxc4 17. Rxe5 Re8 18. Qc3 Ba6 19. Be2 d5 20. O-O f6 21.
exd5 Nxd5 22. Rxe8+ Rxe8 23. Qc2 Qc5+ 24. Kh1 Nb4 25. Qd2 Qe7 26. Rg1 Na2 27.
Bf1 Qe6 28. Qc2 Nxc1 29. Qxc1 Rc8 30. Qc2 Bb7 31. Be2 Bd5 32. Rd1 Re8 33. Bf1
g6 34. h3 Kg7 35. Qd2 Bc6 36. Qb4 Bd5 37. Qc5 Bxf3 38. gxf3 Rc8 39. Qa7+ Kh6
40. Rd7 Rh8 41. Re7 Qd5 42. Qe3+ g5 43. Qc3 Qd6 44. Re4 Ra8 45. Rxc4 Ra1 46.
Kg2 Rd1 47. Be2 Rd2 48. Kf1 Qd7 49. Qxf6+ Kh5 50. f4+ Kh4 51. Qxg5+ Kxh3 52.
Rc3+ 1-0